000 00424nam a2200169 i 4500
001 bg
100 1 _aUJMA, J.
245 0 _aĆwiczenia laboratoryjne z chemii ogólnej /
_cJ. Ujma, K. Błaszczyk, B. Kubicka.
250 _aWyd.2.
260 _aCzęstochowa,
_c1982.
700 1 _aBŁASZCZYK, K.
700 1 _aKUBICKA, B.
040 _cBPK
041 _apol
942 _cKS
008 s pl f |000 0 pol
999 _c21240
_d21240
856 _uhttp://koha.tu.koszalin.pl/cgi-bin/koha/opac-detail.pl?biblionumber=21240
_yKatalog online BPK